República liberal, intelectuales y cultura popular / (Registro nro. 8337)
[ vista simple ]
| 000 - LÍDER | |
|---|---|
| campo de control de longitud fija | 00981nam a2200217Ia 4500 |
| 008 - ELEMENTOS DE DATOS DE LONGITUD FIJA - INFORMACIÓN GENERAL | |
| campo de control de longitud fija | 170306s9999 xx 000 0 und d |
| 020 ## - INTERNATIONAL STANDARD BOOK NUMBER | |
| International Standard Book Number | 9589744982 |
| 041 ## - CÓDIGO DE LENGUAJE | |
| Código de idioma de texto / pista de sonido o título separado | spa |
| 082 ## - NÚMERO DE CLASIFICACIÓN DECIMAL DEWEY | |
| Número de clasificación | 353.7 S34r |
| 040 ## - FUENTE DE CATALOGACIÓN | |
| Agencia de catalogación original | CO-BoRNBP |
| Lenguaje de catalogación | spa |
| Descripción convenciones | rda |
| Agencia de transcripción | CO-BoRNBP |
| 100 ## - ENTRADA PRINCIPAL - NOMBRE PERSONAL | |
| Nombre de la persona | Silva, Renán |
| 245 #0 - TÍTULO DECLARACIÓN | |
| Título | República liberal, intelectuales y cultura popular / |
| Declaración de responsabilidad | Renán Silva |
| 264 ## - AVISO DE PRODUCCIÓN, PUBLICACIÓN, DISTRIBUCIÓN, FABRICACIÓN Y DERECHOS DE AUTOR | |
| Lugar de producción | Medellín : |
| Nombre del productor | La Carreta, |
| Fecha de producción | 2005 |
| 300 ## - DESCRIPCIÓN FÍSICA | |
| Alcance | 303 p. |
| 336 ## - TIPO DE CONTENIDO | |
| Tipo de contenido | texto |
| Código de tipo de contenido | txt |
| Fuente | rdacontent |
| 337 ## - TIPO DE MEDIO | |
| Término del tipo de medio | sin mediación |
| Código de tipo de medio | n |
| Fuente | rdamedia |
| 338 ## - TIPO DE PORTADOR | |
| Término del tipo de operador | volumen |
| Código de tipo de operador | nc |
| Fuente | rdacarrier |
| 490 ## - DECLARACIÓN EN SERIE | |
| Estado de cuenta de la serie | Histórica |
| 505 ## - NOTA DE CONTENIDO FORMATEADA | |
| Nota sobre el contenido formateado | "República liberal y cultura popular en Colombia ; Ondas nacionales: a propósito de la creación de la Radiodifusora Nacional de Colombia ; Libros, lecturas y lectores durante la República liberal ; Las ferias del libro en Colombia, 1936-1947 ; Reflexiones" |
| 650 ## - ENTRADA DE SUJETO AÑADIDO - TÉRMINO TÓPICO | |
| Término tópico o elemento de entrada del nombre geográfico | Politica Cultural \ Liberalismo \ Cultura Popular - Colombia \ Libros Y Lectura - Historia - Colombia \ Estaciones De Radio |
No hay ítems disponibles.